Why facilities matter (Record no. 77114)

MARC details
000 -LEADER
fixed length control field 00834cab a2200181 4500
001 - CONTROL NUMBER
control field ##L133619
008 - FIXED-LENGTH DATA ELEMENTS--GENERAL INFORMATION
fixed length control field 060524n2006 000 0 eng u
035 ## - SYSTEM CONTROL NUMBER
System control number (Sirsi) u133619
041 0# - LANGUAGE CODE
Language code of text/sound track or separate title eng
100 1# - MAIN ENTRY--PERSONAL NAME
Personal name Pickard, Martin
245 00 - TITLE STATEMENT
Title Why facilities matter
260 ## - PUBLICATION, DISTRIBUTION, ETC.
Date of publication, distribution, etc. 2006
490 #0 - SERIES STATEMENT
Series statement Premises and Facilities Management
Volume/sequential designation May 2006, 15-17(3)
520 ## - SUMMARY, ETC.
Summary, etc. The second article in the series (see also L133291) discusses the role of the facilities manager in meeting the challenge of compliance with regulations and standards such as health and safety legislation and environmental legislation, and with corporate policies and values. Places this in the context of how good facilities management can help in attaining organisational goals.
590 ## - LOCAL NOTE (RLIN)
Local note IKA060606
690 ## - LOCAL SUBJECT ADDED ENTRY--TOPICAL TERM (OCLC, RLIN)
Topical term or geographic name as entry element MANAGEMENT-FACILITIES MANAGEMENT
942 ## - ADDED ENTRY ELEMENTS (KOHA)
Suppress in OPAC 0
Holdings
Withdrawn status Lost status Source of classification or shelving scheme Damaged status Not for loan Home library Current library Shelving location Date acquired Total Checkouts Full call number Barcode Date last seen Copy number Price effective from Koha item type
    Dewey Decimal Classification     London London Journal article 24/05/2006   L133619 133619-1001 06/08/2019 1 06/08/2019 Journal article